Farthest Countries by Direction - Statistics

General Stats
  • This quiz has been taken 478 times
  • The average score is 18 of 20
Answer Stats
Answer % Correct
5 Canada
99%
2 Canada
99%
5 Russia
99%
1 Russia
99%
1 United States
99%
4 United States
99%
2 Chile
96%
3 Argentina
95%
5 Bouvet Island (Norway)
95%
3 Norway
95%
4 Australia
94%
1 Greenland (Denmark)
93%
2 New Zealand
92%
2 Kiribati
83%
1 South Georgia (UK)
82%
3 Fiji
81%
4 Samoa
78%
5 Marshall Islands
76%
3 Tonga
76%
4 Tuvalu
76%
No matching quizzes found
Score Distribution
Percent of People with Each Score
Percentile by Number Answered
Your Score History
You have not taken this quiz